[Event "AUT9798"]
[Site "Graz"]
[Date "1998.01.25"]
[Round "8"]
[White "Herndl, H."]
[Black "Roth, P."]
[Result "1-0"]
[WhiteElo "2365"]
[BlackElo "2285"]
[PlyCount "75"]
[EventDate "1997.10.11"]

1. d4 e6 2. c4 b6 3. Nc3 Bb7 4. Qc2 Bb4 5. a3 Bxc3+ 6. Qxc3 f5 7. Nf3 Nf6 8. g3
O-O 9. Bg2 Qe7 10. b4 d6 11. Bb2 Nbd7 12. O-O Rae8 13. a4 Ne4 14. Qc2 g5 15. a5
g4 16. Ne1 Ndf6 17. axb6 axb6 18. Ra7 c6 19. Nd3 Ra8 20. Rfa1 Rxa7 21. Rxa7 Ra8
22. Rxa8+ Bxa8 23. Bc1 Ne8 24. c5 bxc5 25. dxc5 Qb7 26. Qc4 d5 27. Qd4 Qg7 28.
Ne5 N4f6 29. Qa1 Qb7 30. Bg5 Ne4 31. Bxe4 dxe4 32. Qd4 Qc8 33. Bc1 Qc7 34. Bb2
Qe7 35. Nc4 Ng7 36. Qe5 h5 37. Qb8+ Qf8 38. Qa7 1-0

[Event "AUT9798"]
[Site "Graz"]
[Date "1998.01.25"]
[Round "8"]
[White "Steiner, G."]
[Black "Stajcic, N."]
[Result "1/2-1/2"]
[WhiteElo "2205"]
[BlackElo "2315"]
[PlyCount "28"]
[EventDate "1997.10.11"]

1. d4 d5 2. Bg5 h6 3. Bh4 c6 4. Nf3 Qb6 5. Qc1 Bf5 6. c4 Nd7 7. Nc3 Ngf6 8. e3
e6 9. Be2 Be7 10. h3 O-O 11. O-O Qd8 12. Bg3 Ne4 13. Nxe4 Bxe4 14. Qc3 dxc4
1/2-1/2

[Event "AUT9798"]
[Site "Graz"]
[Date "1998.01.25"]
[Round "8"]
[White "Fahrner, K."]
[Black "Tscholowitsch, C."]
[Result "1-0"]
[WhiteElo "2325"]
[BlackElo "2215"]
[PlyCount "87"]
[EventDate "1997.10.11"]

1. c4 e5 2. g3 Nc6 3. Bg2 g6 4. Nc3 Bg7 5. Nf3 Nge7 6. O-O d6 7. d3 O-O 8. Rb1
Be6 9. b4 Qd7 10. b5 Nd8 11. Ng5 h6 12. Nxe6 Qxe6 13. Qb3 Kh7 14. Ba3 c5 15.
bxc6 bxc6 16. Qb4 c5 17. Qa4 Rc8 18. Rb3 Nec6 19. e3 f5 20. Qa6 f4 21. Rfb1 f3
22. Bf1 Rf7 23. Ne4 Ra8 24. h4 Qe7 25. Bh3 Qc7 26. Bc1 Bf8 27. Bd2 Rb8 28. Bg4
Kh8 29. Kh2 Rxb3 30. Rxb3 h5 31. Bh3 Be7 32. a3 Rg7 33. Nc3 Bf8 34. Nd5 Qf7 35.
Qc8 g5 36. hxg5 Rxg5 37. Rb1 h4 38. gxh4 Rh5 39. Qg4 Rh7 40. e4 Nd4 41. Bg5
N8e6 42. Bf6+ Bg7 43. Rb8+ Nf8 44. Qc8 1-0

[Event "AUT9798"]
[Site "Graz"]
[Date "1998.01.25"]
[Round "8"]
[White "Klug, R."]
[Black "Spindelboeck, G."]
[Result "1/2-1/2"]
[WhiteElo "2165"]
[BlackElo "2200"]
[PlyCount "47"]
[EventDate "1997.10.11"]

1. e4 e6 2. d4 d5 3. Nc3 Nc6 4. Nf3 Nf6 5. Bg5 Be7 6. e5 Ne4 7. Bxe7 Qxe7 8.
Bd3 f5 9. exf6 Nxf6 10. O-O O-O 11. Re1 Bd7 12. a3 Be8 13. Ne5 Nxd4 14. Bxh7+
Nxh7 15. Qxd4 c5 16. Qg4 Nf6 17. Qh4 Qd6 18. Nf3 d4 19. Ne4 Nxe4 20. Qxe4 Rf6
21. Ne5 Bc6 22. Nxc6 Qxc6 23. Qxc6 bxc6 24. Re5 1/2-1/2

[Event "AUT9798"]
[Site "Graz"]
[Date "1998.01.25"]
[Round "8"]
[White "Groszpeter, A."]
[Black "Hickl, J."]
[Result "1/2-1/2"]
[WhiteElo "2530"]
[BlackElo "2565"]
[PlyCount "21"]
[EventDate "1997.10.11"]

1. e4 g6 2. d4 d6 3. Nc3 Bg7 4. f4 Nc6 5. Bb5 a6 6. Bxc6+ bxc6 7. Nf3 Nf6 8.
O-O O-O 9. Kh1 Rb8 10. Rb1 Bb7 11. Qe1 1/2-1/2

[Event "AUT9798"]
[Site "Graz"]
[Date "1998.01.25"]
[Round "8"]
[White "Atlas, V."]
[Black "Volke, K."]
[Result "1-0"]
[WhiteElo "2455"]
[BlackElo "2455"]
[PlyCount "161"]
[EventDate "1997.10.11"]

1. e4 c5 2. Nf3 e6 3. d4 cxd4 4. Nxd4 Nf6 5. Nc3 d6 6. g3 a6 7. Bg2 Qc7 8. O-O
Be7 9. Be3 O-O 10. a4 Nc6 11. Qe2 Nxd4 12. Bxd4 e5 13. Be3 Bg4 14. Qd2 b6 15.
f4 Be6 16. f5 Bc4 17. Rfe1 Rac8 18. Nd1 a5 19. b3 Ba6 20. c4 Ng4 21. h3 Nxe3
22. Nxe3 Bg5 23. h4 Bh6 24. Qf2 Qc5 25. Rad1 f6 26. Rd3 Rfd8 27. Nd5 Rb8 28.
Kf1 Qxf2+ 29. Kxf2 Rd7 30. Red1 Kf7 31. Bf3 Rdd8 32. Nc7 Bc8 33. Nb5 Ke7 34.
Nc7 Rb7 35. Nd5+ Kf8 36. g4 Kf7 37. Rg1 g5 38. fxg6+ Kxg6 39. Nxf6 Kxf6 40. g5+
Kg6 41. gxh6+ Kxh6 42. Rgd1 Kg7 43. Rxd6 Rbd7 44. Rg1+ Kf8 45. Rxb6 Rd2+ 46.
Be2 h5 47. Rb8 Ke7 48. Rg7+ Kf6 49. Rg2 Rc2 50. Kg1 Rc1+ 51. Kh2 Rc3 52. Kg1
Rc1+ 53. Kh2 Rc3 54. Rb6+ Ke7 55. Rg7+ Kf8 56. Rg3 Rc2 57. Rg2 Rdd2 58. Rb8
Rxe2 59. Rxc8+ Kf7 60. Rc7+ Kf6 61. Rc6+ Kf7 62. Rxe2 Rxe2+ 63. Kg1 Rxe4 64.
Rc5 Re3 65. Rxa5 Rxb3 66. Rxe5 Rb4 67. Rc5 Rxa4 68. Kf2 Kg6 69. Ke3 Ra1 70.
Rg5+ Kh6 71. Re5 Rh1 72. Re4 Kg6 73. Rf4 Rd1 74. Ke4 Rd8 75. c5 Rd1 76. Ke5
Re1+ 77. Kd6 Rd1+ 78. Kc7 Rg1 79. c6 Rg4 80. Rxg4+ hxg4 81. Kd6 1-0

[Event "AUT9798"]
[Site "Graz"]
[Date "1998.01.25"]
[Round "8"]
[White "Schlosser, M."]
[Black "Mohr, S."]
[Result "1/2-1/2"]
[WhiteElo "2350"]
[BlackElo "2400"]
[PlyCount "36"]
[EventDate "1997.10.11"]

1. e4 d6 2. d4 g6 3. f4 Bg7 4. Nc3 Nc6 5. Be3 Nf6 6. Nf3 O-O 7. Bc4 Ng4 8. Bg1
e5 9. dxe5 dxe5 10. h3 Nh6 11. Qxd8 Rxd8 12. fxe5 Nxe5 13. Nxe5 Bxe5 14. Be3
Kg7 15. Bxh6+ Kxh6 16. Bxf7 b5 17. Bd5 Bg3+ 18. Ke2 Rf8 1/2-1/2

[Event "AUT9798"]
[Site "Graz"]
[Date "1998.01.25"]
[Round "8"]
[White "Topakian, R."]
[Black "Danner, G."]
[Result "1-0"]
[WhiteElo "2340"]
[BlackElo "2415"]
[PlyCount "133"]
[EventDate "1997.10.11"]

1. Nf3 c5 2. e4 e6 3. g3 Nc6 4. Bg2 g6 5. d4 Bg7 6. d5 Nd4 7. Nfd2 exd5 8. c3
Nb5 9. exd5 Qe7+ 10. Kf1 Nf6 11. Nc4 Nd6 12. Nxd6+ Qxd6 13. Qe2+ Qe7 14. Qxe7+
Kxe7 15. Na3 d6 16. Bf4 Bf5 17. Rd1 Rhd8 18. f3 Ne8 19. Kf2 b5 20. Rhe1+ Kf8
21. Nxb5 Rab8 22. Bf1 a6 23. g4 Bd7 24. Nxd6 Rxb2+ 25. Re2 Rxe2+ 26. Bxe2 Bxc3
27. Nb7 Rc8 28. Bxa6 Bd4+ 29. Kg3 Ra8 30. Bc4 Ra4 31. Bb3 Rb4 32. Na5 Bf2+ 33.
Kxf2 Rxf4 34. Nc4 Bb5 35. d6 Nf6 36. Ke3 g5 37. Ne5 Nd7 38. Nxd7+ Bxd7 39. Rd5
c4 40. Bc2 h6 41. Rd4 Rf6 42. Be4 Ke8 43. Kd2 h5 44. h3 hxg4 45. hxg4 Rg6 46.
Kc3 Be6 47. Bc6+ Kd8 48. Rd2 Bd7 49. Bxd7 Kxd7 50. Kxc4 Rf6 51. Rd3 Rf4+ 52.
Kd5 Ra4 53. Ke5 Rf4 54. Ra3 Kc6 55. Ra7 Rxf3 56. Rc7+ Kb6 57. Rc4 Re3+ 58. Kd5
Rd3+ 59. Rd4 Ra3 60. Rb4+ Ka5 61. Rb8 Rd3+ 62. Kc6 Rc3+ 63. Kd7 Rc4 64. Ke7
Rxg4 65. d7 Rd4 66. d8=Q+ Rxd8 67. Rxd8 1-0

[Event "AUT9798"]
[Site "Graz"]
[Date "1998.01.25"]
[Round "8"]
[White "Frosch, E."]
[Black "Gaertner, G."]
[Result "1/2-1/2"]
[WhiteElo "2310"]
[BlackElo "2340"]
[PlyCount "28"]
[EventDate "1997.10.11"]

1. b3 e5 2. Bb2 Nc6 3. e3 d5 4. Bb5 Bd6 5. Nf3 Qe7 6. c4 dxc4 7. bxc4 Bd7 8.
Nc3 Nf6 9. d3 a6 10. Ba4 O-O 11. O-O Rfe8 12. Nd5 Nxd5 13. cxd5 Nb8 14. Bxd7
Nxd7 1/2-1/2

[Event "AUT9798"]
[Site "Graz"]
[Date "1998.01.25"]
[Round "8"]
[White "Grabher, H."]
[Black "Kotz, H. P."]
[Result "1/2-1/2"]
[WhiteElo "2260"]
[BlackElo "2275"]
[PlyCount "28"]
[EventDate "1997.10.11"]

1. e4 e5 2. Nf3 Nc6 3. Bc4 Nf6 4. d4 exd4 5. O-O Nxe4 6. Re1 d5 7. Bxd5 Qxd5 8.
Nc3 Qa5 9. Nxe4 Be6 10. Bd2 Bb4 11. Nxd4 Nxd4 12. c3 O-O 13. cxb4 Qd5 14. Bc3
Rad8 1/2-1/2

[Event "AUT9798"]
[Site "Graz"]
[Date "1998.01.25"]
[Round "8"]
[White "Lukacs, P."]
[Black "Hoelzl, F."]
[Result "1/2-1/2"]
[WhiteElo "2520"]
[BlackElo "2440"]
[PlyCount "36"]
[EventDate "1997.10.11"]

1. d4 Nf6 2. c4 g6 3. Nc3 d5 4. cxd5 Nxd5 5. e4 Nxc3 6. bxc3 Bg7 7. Bc4 c5 8.
Ne2 Nc6 9. Be3 O-O 10. O-O Bg4 11. f3 Na5 12. Bb5 Bd7 13. Rb1 cxd4 14. cxd4 e6
15. Bd3 a6 16. Qd2 Bb5 17. Rfc1 Qd7 18. Bf2 Bxd3 1/2-1/2

[Event "AUT9798"]
[Site "Graz"]
[Date "1998.01.25"]
[Round "8"]
[White "Horvath, C."]
[Black "Marciano, D."]
[Result "1-0"]
[WhiteElo "2530"]
[BlackElo "2470"]
[PlyCount "43"]
[EventDate "1997.10.11"]

1. d4 d5 2. c4 e6 3. Nf3 Nf6 4. g3 dxc4 5. Bg2 a6 6. O-O Nc6 7. e3 Bd7 8. Nc3
Rb8 9. Ne5 Na5 10. e4 b5 11. g4 h6 12. f4 c5 13. d5 b4 14. dxe6 Bxe6 15. Qa4+
Nd7 16. f5 Ke7 17. Rd1 bxc3 18. fxe6 Kxe6 19. Nxd7 cxb2 20. Nxf8+ Rxf8 21. Rxd8
bxa1=Q 22. Qd7+ 1-0

[Event "AUT9798"]
[Site "Graz"]
[Date "1998.01.25"]
[Round "8"]
[White "Volkmann, F. K."]
[Black "Titz, H."]
[Result "1-0"]
[WhiteElo "2395"]
[BlackElo "2285"]
[PlyCount "123"]
[EventDate "1997.10.11"]

1. e4 c5 2. Nf3 d6 3. d4 cxd4 4. Nxd4 Nf6 5. Nc3 e6 6. Be2 Nc6 7. Be3 Be7 8.
O-O Bd7 9. Ndb5 Qb8 10. a4 O-O 11. f4 Rd8 12. Bf3 Be8 13. Qe2 a6 14. Nd4 Qc7
15. Qf2 Nb4 16. f5 e5 17. Nb3 Nd7 18. g4 Nc5 19. Nxc5 dxc5 20. g5 Rac8 21. f6
Bf8 22. fxg7 Bxg7 23. Bg4 Rd4 24. Bxc8 Qxc8 25. Kh1 Qe6 26. Qg2 Bc6 27. Rf6
Bxf6 28. gxf6+ Kf8 29. Rg1 Ke8 30. Qg8+ Kd7 31. Rg7 Kc7 32. Qxf7+ Qxf7 33.
Rxf7+ Kd6 34. Rxh7 Rxe4 35. Bxc5+ Ke6 36. Re7+ Kxf6 37. Nxe4+ Bxe4+ 38. Kg1
Nxc2 39. Kf2 Nd4 40. Re8 Bc6 41. Rf8+ Kg7 42. Rb8 Ne6 43. Be3 Nf8 44. Bh6+ Kxh6
45. Rxf8 Bxa4 46. Rf5 e4 47. Re5 Bc6 48. Ke3 Kg6 49. Rxe4 Kf5 50. Rf4+ Kg5 51.
Rf8 a5 52. Kd4 a4 53. Kc5 Kg4 54. Rf6 Be8 55. Kb6 Kh3 56. Rh6+ Kg2 57. Kxb7 Bf7
58. Kb6 Bb3 59. Ka5 Kf2 60. Rd6 Ke3 61. h4 Bc2 62. Rc6 1-0

[Event "AUT9798"]
[Site "Graz"]
[Date "1998.01.25"]
[Round "8"]
[White "Steflitsch, E."]
[Black "Schroll, G."]
[Result "0-1"]
[WhiteElo "2305"]
[BlackElo "2405"]
[PlyCount "84"]
[EventDate "1997.10.11"]

1. e4 Nf6 2. e5 Nd5 3. d4 d6 4. Nf3 Bg4 5. Be2 c6 6. Ng5 Bf5 7. e6 fxe6 8. Bh5+
g6 9. g4 Bxc2 10. Qxc2 gxh5 11. O-O Qd7 12. Nxh7 Rg8 13. Nxf8 Rxf8 14. Nc3 hxg4
15. Qg6+ Kd8 16. Nxd5 cxd5 17. Bh6 Rf6 18. Qg7 Qe8 19. Bg5 Rg6 20. Bxe7+ Kd7
21. Qh7 Qg8 22. Qxg8 Rxg8 23. Bh4 Nc6 24. Rad1 Rac8 25. Bg3 Ne7 26. f3 Nf5 27.
fxg4 Rxg4 28. Rf4 Rxf4 29. Bxf4 Rc4 30. b3 Rxd4 31. Rxd4 Nxd4 32. Be3 Nc6 33.
h4 Ke7 34. h5 Kf6 35. Kf2 d4 36. Bh6 e5 37. Bf8 d5 38. Ke2 e4 39. a3 Kg5 40. h6
Kg6 41. b4 Ne5 42. b5 d3+ 0-1

[Event "AUT9798"]
[Site "Graz"]
[Date "1998.01.25"]
[Round "8"]
[White "Neulinger, M."]
[Black "Schumi, M."]
[Result "0-1"]
[WhiteElo "2310"]
[BlackElo "2245"]
[PlyCount "76"]
[EventDate "1997.10.11"]

1. e4 c5 2. Nf3 d6 3. c3 Nf6 4. Be2 g6 5. O-O Bg7 6. Re1 O-O 7. Bf1 e5 8. h3
Re8 9. d3 Nc6 10. Be3 b6 11. Qc1 d5 12. Bg5 Ba6 13. Na3 Qd7 14. Qc2 h6 15. Bd2
Rac8 16. Rad1 b5 17. Qc1 Kh7 18. exd5 Nxd5 19. c4 Nc7 20. cxb5 Nxb5 21. Nxb5
Bxb5 22. Bc3 Nd4 23. Nd2 Bc6 24. b3 f5 25. Qb2 Qd5 26. Rc1 Bb7 27. b4 cxb4 28.
Qxb4 Bf8 29. Qb2 Bc5 30. Red1 Ne2+ 31. Kh1 Nxc1 32. Rxc1 Bxf2 33. Ne4 fxe4 34.
Qxf2 Rf8 35. Qg3 Rxc3 36. Rxc3 Rxf1+ 37. Kh2 Rf7 38. dxe4 Qxe4 0-1

[Event "AUT9798"]
[Site "Graz"]
[Date "1998.01.25"]
[Round "8"]
[White "Pilaj, H."]
[Black "Wiedner, R."]
[Result "1-0"]
[WhiteElo "2210"]
[BlackElo "2230"]
[PlyCount "99"]
[EventDate "1997.10.11"]

1. d4 c5 2. e4 cxd4 3. Nf3 Qa5+ 4. c3 Nc6 5. Bc4 Nf6 6. Qe2 d3 7. Bxd3 d6 8. h3
e6 9. O-O d5 10. e5 Nd7 11. Bf4 Qc7 12. Bg3 Nb6 13. Nbd2 Bd7 14. Nb3 a6 15.
Nbd4 Nxd4 16. Nxd4 g6 17. f4 Nc4 18. Kh1 b5 19. Rac1 Bg7 20. Nf3 Bh6 21. b3 Na5
22. Qd2 O-O 23. Bf2 f6 24. Be3 Nc6 25. Rce1 Rac8 26. exf6 Rxf6 27. g3 Bg7 28.
Bd4 Nxd4 29. cxd4 Rff8 30. Kg2 Qb6 31. Bb1 b4 32. Re3 Rc7 33. h4 Rfc8 34. h5
Be8 35. Rfe1 Rc6 36. Ne5 Bxe5 37. Rxe5 Bf7 38. Rg5 Qd8 39. Qxb4 Qf6 40. h6 Rc3
41. Rge5 Qd8 42. R5e3 Rxe3 43. Rxe3 g5 44. Rc3 Rb8 45. Qc5 Qf6 46. Qc7 Ra8 47.
fxg5 Qxd4 48. Bxh7+ Kh8 49. Qxf7 Qxc3 50. Bg6 1-0

[Event "AUT9798"]
[Site "Graz"]
[Date "1998.01.25"]
[Round "8"]
[White "Almasi, Z."]
[Black "Blatny, P."]
[Result "1-0"]
[WhiteElo "2615"]
[BlackElo "2555"]
[PlyCount "75"]
[EventDate "1997.10.11"]

1. e4 e5 2. Nf3 Nc6 3. Bb5 a6 4. Ba4 Nf6 5. O-O Be7 6. Re1 b5 7. Bb3 O-O 8. a4
Bb7 9. d3 d6 10. c3 Nd7 11. Nbd2 Nc5 12. Bc2 Nxa4 13. Bxa4 bxa4 14. Qxa4 Kh8
15. b4 f5 16. Bb2 Qc8 17. c4 Bf6 18. c5 Ne7 19. Rac1 Bc6 20. Qc2 Qd7 21. d4
exd4 22. Bxd4 Ba4 23. Qa2 Ng6 24. cxd6 cxd6 25. Bxf6 Rxf6 26. Nc4 Rb8 27. e5
dxe5 28. Ncxe5 Nxe5 29. Nxe5 Qe8 30. Nf3 Qd7 31. Ne5 Qe8 32. h3 Bb5 33. Rc7 Re6
34. Qxe6 Qxe6 35. Nf7+ Qxf7 36. Rxf7 Bc4 37. Rxf5 g6 38. Rf4 1-0

[Event "AUT9798"]
[Site "Graz"]
[Date "1998.01.25"]
[Round "8"]
[White "Penz, H."]
[Black "Nielsen, P. H."]
[Result "1/2-1/2"]
[WhiteElo "2390"]
[BlackElo "2515"]
[PlyCount "54"]
[EventDate "1997.10.11"]

1. e4 c5 2. Nf3 g6 3. c3 Bg7 4. d4 cxd4 5. cxd4 d5 6. exd5 Nf6 7. Bb5+ Nbd7 8.
Nc3 O-O 9. Bxd7 Qxd7 10. O-O Nxd5 11. Re1 Nxc3 12. bxc3 Qc7 13. Ba3 Re8 14. Qb3
b6 15. Ng5 e6 16. d5 e5 17. Rad1 Bf5 18. h3 Qd7 19. c4 e4 20. f3 exf3 21. Nxf3
Rxe1+ 22. Rxe1 Re8 23. Rxe8+ Qxe8 24. c5 bxc5 25. Bxc5 a5 26. Kf2 h6 27. Bd4
Bxd4+ 1/2-1/2

[Event "AUT9798"]
[Site "Graz"]
[Date "1998.01.25"]
[Round "8"]
[White "Poldauf, D."]
[Black "Dueckstein, A."]
[Result "1/2-1/2"]
[WhiteElo "2455"]
[BlackElo "2330"]
[PlyCount "86"]
[EventDate "1997.10.11"]

1. c4 e5 2. Nc3 Nf6 3. Nf3 Nc6 4. g3 d5 5. cxd5 Nxd5 6. Bg2 Be6 7. O-O Be7 8.
d4 exd4 9. Nb5 Qd7 10. Nbxd4 Nxd4 11. Qxd4 O-O 12. Ng5 c6 13. Nxe6 Qxe6 14. Qc4
Bf6 15. e4 Nb6 16. Qxe6 fxe6 17. a4 Rad8 18. Ra2 Rd3 19. Bh3 Kf7 20. Re1 Bd4
21. a5 Nd7 22. Ra3 Rxa3 23. bxa3 Ne5 24. Rd1 c5 25. Kg2 Nc4 26. a6 bxa6 27. Bg4
Rb8 28. Be2 Nd6 29. Bd3 h6 30. f4 Nb5 31. Rf1 Ke7 32. g4 Nxa3 33. Bxa3 Rb3 34.
Bxc5+ Bxc5 35. Bxa6 Rb2+ 36. Kg3 Ra2 37. Bc4 Rc2 38. Bb5 g5 39. e5 Rc3+ 40. Rf3
gxf4+ 41. Kxf4 Rxf3+ 42. Kxf3 Bd4 43. Ke4 Bf2 1/2-1/2

[Event "AUT9798"]
[Site "Graz"]
[Date "1998.01.25"]
[Round "8"]
[White "Bawart, M."]
[Black "Baumegger, S."]
[Result "1-0"]
[WhiteElo "2325"]
[BlackElo "2485"]
[PlyCount "67"]
[EventDate "1997.10.11"]

1. e4 e6 2. Nf3 d5 3. d3 Nf6 4. e5 Nfd7 5. Bg5 f6 6. exf6 Nxf6 7. Be2 c5 8. O-O
Nc6 9. c4 Be7 10. Nc3 d4 11. Bxf6 gxf6 12. Ne4 O-O 13. Nfd2 f5 14. Ng3 Bd6 15.
f4 Bd7 16. Nh5 Kh8 17. Nf3 Be8 18. Ng5 Qe7 19. Kh1 Bxh5 20. Bxh5 Bxf4 21. Nf7+
Rxf7 22. Bxf7 Bd6 23. Bh5 Qh4 24. g3 Bxg3 25. Qe2 Bf4 26. Bf7 e5 27. Bd5 Nb4
28. Rad1 Nxd5 29. cxd5 Rd8 30. Rf2 Qf6 31. Rdf1 Qd6 32. Rg2 Qxd5 33. Rxf4 exf4
34. Qe7 1-0

[Event "AUT9798"]
[Site "Graz"]
[Date "1998.01.25"]
[Round "8"]
[White "Freitag, M."]
[Black "Janetschek, K."]
[Result "1/2-1/2"]
[WhiteElo "2390"]
[BlackElo "2305"]
[PlyCount "77"]
[EventDate "1997.10.11"]

1. d4 e6 2. c4 Nf6 3. Nf3 b6 4. g3 Ba6 5. Nbd2 Bb7 6. Bg2 Be7 7. O-O O-O 8. Qc2
c5 9. e4 cxd4 10. e5 Ng4 11. h3 Nh6 12. Ng5 Bxg5 13. Bxb7 Nc6 14. Bxa8 Qxa8 15.
Nf3 Bxc1 16. Rfxc1 f6 17. exf6 Rxf6 18. Qe4 Nf5 19. Ne1 Qf8 20. Nd3 Qd6 21. Qf4
Qxf4 22. Nxf4 g5 23. Nd3 e5 24. Re1 Re6 25. b4 e4 26. b5 Ne5 27. Nxe5 Rxe5 28.
Rad1 d6 29. Kf1 d3 30. Kg2 Nd4 31. f3 Nxf3 32. Rxe4 Rxe4 33. Kxf3 Rxc4 34. Rxd3
Rc5 35. a4 Rc4 36. Rd5 g4+ 37. hxg4 Rxa4 38. Rxd6 Rb4 39. Rd5 1/2-1/2

[Event "AUT9798"]
[Site "Graz"]
[Date "1998.01.25"]
[Round "8"]
[White "Zoebisch, H."]
[Black "Postl, A."]
[Result "1/2-1/2"]
[WhiteElo "2255"]
[BlackElo "2275"]
[PlyCount "94"]
[EventDate "1997.10.11"]

1. d4 Nf6 2. c4 g6 3. Nc3 Bg7 4. e4 d6 5. f3 O-O 6. Be3 c5 7. dxc5 dxc5 8. Qxd8
Rxd8 9. Bxc5 Nc6 10. Nge2 Nd7 11. Ba3 Nde5 12. Nf4 Nd4 13. O-O-O Bh6 14. Bxe7
Bxf4+ 15. Kb1 Be6 16. Bxd8 Rxd8 17. Nd5 Bxd5 18. Rxd4 Bxe4+ 19. Rxe4 Rd1+ 20.
Kc2 Rc1+ 21. Kb3 g5 22. g3 f5 23. Rd4 Nc6 24. Rd5 Bc7 25. Bg2 Na5+ 26. Rxa5
Rxh1 27. Bxh1 Bxa5 28. c5 f4 29. gxf4 gxf4 30. Kc4 Kf7 31. b4 Bc7 32. Kd5 Ke7
33. Bg2 b6 34. Kc6 Kd8 35. Bh3 bxc5 36. bxc5 a5 37. a4 Bb8 38. Bf5 h6 39. h3
Bc7 40. h4 Bb8 41. h5 Bc7 42. Kd5 Ke7 43. Bg4 Bb8 44. Kc6 Kd8 45. Kb5 Bc7 46.
Ka6 Ke7 47. Kb7 Kd8 1/2-1/2

[Event "AUT9798"]
[Site "Graz"]
[Date "1998.01.25"]
[Round "8"]
[White "Kindermann, S."]
[Black "Weinzettl, E."]
[Result "1-0"]
[WhiteElo "2570"]
[BlackElo "2410"]
[PlyCount "67"]
[EventDate "1997.10.11"]

1. e4 c5 2. Nf3 Nc6 3. d4 cxd4 4. Nxd4 e5 5. Nb5 d6 6. c4 Be6 7. Bd3 Be7 8.
N1c3 a6 9. Na3 Bg5 10. Nc2 Bxc1 11. Qxc1 Nf6 12. O-O O-O 13. Qd2 Qb8 14. Ne3
Qa7 15. Kh1 Rac8 16. f4 exf4 17. Rxf4 Nd7 18. Nf5 Bxf5 19. exf5 Nf6 20. Nd5
Nxd5 21. cxd5 Ne5 22. f6 Ng6 23. Bxg6 fxg6 24. f7+ Kh8 25. Rc1 Qb8 26. h3 Rc7
27. Rxc7 Qxc7 28. Qe3 h6 29. Rf3 Qd8 30. Qe6 Kh7 31. a4 g5 32. a5 g6 33. Rf6
Qc7 34. Kh2 1-0

[Event "AUT9798"]
[Site "Graz"]
[Date "1998.01.25"]
[Round "8"]
[White "Plank, F."]
[Black "Stanec, N."]
[Result "0-1"]
[WhiteElo "2260"]
[BlackElo "2465"]
[PlyCount "118"]
[EventDate "1997.10.11"]

1. e4 c5 2. d4 cxd4 3. Qxd4 Nc6 4. Qd3 g6 5. c4 Bg7 6. Nc3 Nf6 7. Nf3 d6 8. Be2
O-O 9. O-O a6 10. Bd2 Nd7 11. Rac1 Nc5 12. Qe3 Bg4 13. h3 Bxf3 14. Bxf3 Nd4 15.
b4 Nce6 16. Ne2 a5 17. a3 axb4 18. axb4 Ra2 19. Bg4 Nxe2+ 20. Bxe2 Be5 21. Qd3
Qb6 22. Bg4 Bf4 23. Bxf4 Nxf4 24. Qc3 h5 25. c5 dxc5 26. bxc5 Qc7 27. Bf3 Rfa8
28. Qe3 e5 29. Rc3 Rd8 30. Rd1 Rxd1+ 31. Bxd1 Ra1 32. Qd2 Qa5 33. Rc2 Qxd2 34.
Rxd2 Ne6 35. Kh2 Nxc5 36. f3 b5 37. Be2 b4 38. Rb2 b3 39. Bc4 Ra3 40. Kg1 Kg7
41. Kf1 Ra4 42. Bd5 Nd3 43. Rxb3 Ra1+ 44. Ke2 Nc1+ 45. Kf2 Nxb3 46. Bxb3 h4 47.
Bc4 Rb1 48. Ke2 Rb2+ 49. Kf1 f6 50. Kg1 Kh6 51. Bf7 Kg5 52. Kh2 Rb7 53. Be8 Re7
54. Bc6 Kf4 55. Bd5 Rc7 56. Bb3 Ke3 57. Be6 Kf2 58. Bd5 Rc1 59. Be6 Rg1 0-1

[Event "AUT9798"]
[Site "Graz"]
[Date "1998.01.25"]
[Round "8"]
[White "Felsberger, A."]
[Black "Schneider-Zinner, H."]
[Result "1/2-1/2"]
[WhiteElo "2375"]
[BlackElo "2265"]
[PlyCount "22"]
[EventDate "1997.10.11"]

1. e4 e6 2. d4 d5 3. Nc3 Nf6 4. e5 Nfd7 5. f4 c5 6. Nf3 Nc6 7. Be3 cxd4 8. Nxd4
Qb6 9. Qd2 Qxb2 10. Rb1 Qa3 11. Rb3 Qa5 1/2-1/2

[Event "AUT9798"]
[Site "Graz"]
[Date "1998.01.25"]
[Round "8"]
[White "Stuhlik, M."]
[Black "Watzka, H."]
[Result "1/2-1/2"]
[WhiteElo "2225"]
[BlackElo "2370"]
[PlyCount "22"]
[EventDate "1997.10.11"]

1. Nf3 Nf6 2. g3 c5 3. Bg2 d5 4. O-O g6 5. d3 Bg7 6. c4 O-O 7. Nc3 dxc4 8. dxc4
Nc6 9. Be3 Be6 10. Bxc5 Qa5 11. Ba3 Bxc4 1/2-1/2

[Event "AUT9798"]
[Site "Graz"]
[Date "1998.01.25"]
[Round "8"]
[White "Wittmann, W."]
[Black "Hadjieff, D."]
[Result "1/2-1/2"]
[WhiteElo "2405"]
[BlackElo "2215"]
[PlyCount "32"]
[EventDate "1997.10.11"]

1. e4 e5 2. Nf3 Nc6 3. Bb5 a6 4. Bxc6 dxc6 5. O-O f6 6. d4 exd4 7. Nxd4 c5 8.
Ne2 Qxd1 9. Rxd1 Bd7 10. Bf4 O-O-O 11. Nbc3 Ne7 12. Bg3 g5 13. f4 h6 14. f5 Re8
15. Bf2 b6 16. a4 Nc6 1/2-1/2